000 00292nam a22001337a 4500
003 SGT
082 _a603
_bD59D
100 _aDORLAND
245 _aDORLAND'S POCKET MEDICAL DICTIONARY
250 _a10TH
260 _aCALCUTTA
_bOXFORD PUB
_c1959
650 _aDICTIONARY
942 _2ddc
_cRARE
999 _c29182
_d29182